| 000 | 01893 a2200241 4500 | ||
|---|---|---|---|
| 003 | Nust | ||
| 005 | 20170207164658.0 | ||
| 035 | _a(SFX)1000000000210144 | ||
| 035 | _a(WaSeSS)ssj0000097710 | ||
| 040 | _cNust | ||
| 100 | 1 | _aMcReynolds, Tom | |
| 245 | 1 | 0 |
_aAdvanced Graphics Programming Using OpenGL(E BOOK) _h[Elektronisk resurs] |
| 260 |
_aBurlington : _bMorgan Kaufmann _c2005 |
||
| 300 | _a672p | ||
| 500 | _ae book | ||
| 700 | 1 | _aBlythe, David | |
| 856 | 4 | 0 | _uhttp://link.sub.su.se/sfxsub?url_ver=Z39.88-2004&ctx_ver=Z39.88-2004&ctx_enc=info:ofi/enc:UTF-8&rfr_id=info:sid/sfxit.com:opac_856&url_ctx_fmt=info:ofi/fmt:kev:mtx:ctx&sfx.ignore_date_threshold=1&rft.object_id=1000000000210144&svc_val_fmt=info:ofi/fmt:kev:mtx:sch_svc& |
| 856 | 4 | 0 | _uhttp://proxy.lib.chalmers.se/login?url=http://www.engineeringvillage.com/controller/servlet/OpenURL?genre=book&isbn=9781558606593 |
| 856 | 4 | 0 | _uhttp://proxy.lib.chalmers.se/login?url=http://www.sciencedirect.com/science/book/9781558606593 |
| 856 | 4 | 0 | _uhttp://sfxeu05.hosted.exlibrisgroup.com/46LUB?url_ver=Z39.88-2004&ctx_ver=Z39.88-2004&ctx_enc=info:ofi/enc:UTF-8&rfr_id=info:sid/sfxit.com:opac_856&url_ctx_fmt=info:ofi/fmt:kev:mtx:ctx&sfx.ignore_date_threshold=1&rft.object_id=1000000000210144&svc_val_fmt=info:ofi/fmt:kev:mtx:sch_svc& |
| 856 | 4 | 0 | _uhttp://sfxeu10.hosted.exlibrisgroup.com/sfxjon/?url_ver=Z39.88-2004&ctx_ver=Z39.88-2004&ctx_enc=info:ofi/enc:UTF-8&rfr_id=info:sid/sfxit.com:opac_856&url_ctx_fmt=info:ofi/fmt:kev:mtx:ctx&sfx.ignore_date_threshold=1&rft.object_id=1000000000210144&svc_val_fmt=info:ofi/fmt:kev:mtx:sch_svc& |
| 856 | 4 | 0 | _uhttp://sfxeu11.hosted.exlibrisgroup.com/sfxmiu/?url_ver=Z39.88-2004&ctx_ver=Z39.88-2004&ctx_enc=info:ofi/enc:UTF-8&rfr_id=info:sid/sfxit.com:opac_856&url_ctx_fmt=info:ofi/fmt:kev:mtx:ctx&sfx.ignore_date_threshold=1&rft.object_id=1000000000210144&svc_val_fmt=info:ofi/fmt:kev:mtx:sch_svc& |
| 942 |
_2ddc _cBK |
||
| 999 |
_c209572 _d209572 |
||